000 00707nam a2200289Ia 4500
005 20260324150754.0
008 008 260324s9999 xx 000 0 eng d
020 _a9781003625353
037 _aEBOOK
040 _aCRL
040 _beng
040 _cCRL
041 _2eng
041 _aeng
084 _qCRL
100 _aDon Cameron Allen
_91227547
245 4 _aThe Star-Crossed Renaissance
245 4 _bThe Quarrel about Astrology and Its Influence in England
260 _bTaylor and Francis
260 _c1941
365 _a
365 _b145
856 _uhttp://www.taylorfrancis.com/books/9781003625353
942 _cEBOOK
999 _c1837618
_d1837618